Kritické faktory úspešnosti start-upov diplomová práca

Salvato in:
Dettagli Bibliografici
Autore principale: Bartková, Lucia
Ente Autore: Podnikovohospodárska fakulta EU so sídlom v Košiciach. Katedra manažmentu
Altri autori: Bobenič Hintošová, Aneta, 1979-
Natura: Libro
Lingua:slovacco
Pubblicazione: Košice 2017
Tags: Aggiungi Tag
Nessun Tag, puoi essere il primo ad aggiungerne!!

MARC

LEADER 00000nbm a2200000 4500
001 0231553
005 20171121122417.8
041 0 |a slo 
044 |a SK 
245 1 0 |a Kritické faktory úspešnosti start-upov  |b diplomová práca  |c Lucia Bartková ; školiteľ: Aneta Bobenič Hintošová 
264 1 |a Košice  |c 2017 
300 |a 72 s. 
100 1 |a Bartková, Lucia 
700 1 |a Bobenič Hintošová, Aneta, 1979- 
710 2 |a Podnikovohospodárska fakulta EU so sídlom v Košiciach. Katedra manažmentu